Taylor Swift - Clara Bow (Lyrics) - Statistics

General Stats
  • This quiz has been taken 107 times
  • The average score is 202 of 249
Answer Stats
Answer % Correct
Bow
100%
Clara
100%
I
100%
in
100%
In
100%
like
100%
look
100%
"You
100%
you
100%
a
98%
the
98%
"The
98%
The
98%
this
98%
"This
98%
But
96%
but
96%
it
96%
me
96%
on
96%
one
96%
Stevie
96%
to
96%
be
93%
did
93%
if
93%
light
93%
my
93%
Nicks
93%
No
93%
of
93%
Remarkable
93%
see
93%
Taylor
93%
All
91%
all
91%
die
91%
Die
91%
"I'm
91%
made
91%
Swift
91%
your
91%
happened
89%
I'd
89%
life,
89%
lights
89%
might
89%
not
89%
small
89%
think
89%
town
89%
hair
87%
her
87%
is
87%
know
87%
thought
87%
we're
87%
We're
87%
You're
87%
you're
87%
at
84%
dazzling"
84%
Dazzling"
84%
Manhattan"
84%
she
84%
trying
84%
got
82%
lips
82%
never
82%
real
82%
You'd
82%
You've
82%
'75,
80%
Do
80%
goes
80%
thing
80%
Crowd
78%
It's
78%
loving
78%
picked
78%
rose"
78%
that
78%
They
78%
they
78%
when
78%
bright
76%
exaggerate
76%
fake
76%
fingertips
76%
future's
76%
wild
76%
and
73%
edge
73%
Promise
73%
Beauty
71%
LA
71%
say..."
71%
beast
69%
Down
69%
so
69%
eclipse"
64%
Half
64%
smoke
64%
suits
64%
want
64%
Breath
62%
queen
62%
roars
62%
these
62%
air
60%
fours
60%
fresh
60%
full
60%
meet
60%
"more"
60%
rings
60%
through
60%
just
58%
Only
58%
crown
56%
Demanding
56%
earth
56%
everything
56%
moonshine,
56%
hell
53%
Take
53%
don't
49%
girlish
49%
glory,
49%
let
49%
machines
49%
give
47%
heavenly
47%
glow
44%
new
44%
worshipping
44%
Flickers
42%
stained
42%
blood
38%
god
38%
war
38%
come
36%
Flesh
33%
amongst
31%
gently
31%
breaks
29%
Them's
29%
No matching quizzes found
Score Distribution
Percent of People with Each Score
Percentile by Number Answered
Your Score History
You have not taken this quiz